000 00399nam a22001457a 4500
999 _c2537
_d2537
008 200309b ||||| |||| 00| 0 eng d
082 0 0 _a671.52
_bR7596
100 _92127
_aRomans, D.
245 1 0 _aWelding processes and technology /
_cby D. Romans and Eric N. Simon
260 _aLondon
_bPitman
_c1977
300 _aviii, 268 p.
650 0 _aWelding
700 _9461
_aSimons, Eric N.
942 _cBK